000 00216nam a22000857a 4500
008 170626b xxu||||| |||| 00| 0 eng d
100 _93691
_aThani. Y
245 _aCoaching succesfully sprinting
260 _aNew delhi
_c2002
999 _c7111
_d7111